| Tag |
First Indicator |
Second Indicator |
Subfields |
| LEADER |
00000ckm a2200000Ia 4500 |
| 001 |
in00002781239 |
| 005 |
20160923082653.0 |
| 007 |
kd boc |
| 008 |
120927s1924 nju cneng d |
| 035 |
|
|
|a (OCoLC)ocn858981307
|
| 035 |
|
|
|a 858981307
|
| 035 |
|
|
|a (OCoLC)858981307
|
| 040 |
|
|
|a TXA
|c TXA
|d UtOrBLW
|
| 049 |
|
|
|a TXAM
|
| 050 |
|
4 |
|a PS3235
|b .I93 1924
|
| 100 |
1 |
|
|a Ives, Percy,
|d 1864-1928,
|e artist.
|
| 245 |
1 |
0 |
|a [Walt Whitman] /
|c Percy Ives.
|
| 264 |
|
1 |
|a [Camden] :
|b [publisher not identified],
|c [1924?]
|
| 300 |
|
|
|a 1 drawing :
|b black and white ;
|c 22 x 16 cm., mount 29 x 23 cm., in frame 60 x 40 cm.
|
| 336 |
|
|
|a still image
|b sti
|2 rdacontent
|
| 337 |
|
|
|a unmediated
|b n
|2 rdamedia
|
| 338 |
|
|
|a sheet
|b nb
|2 rdacarrier
|
| 500 |
|
|
|a Title devised by cataloger.
|
| 500 |
|
|
|a Original pencil sketch made in 1881 when Ives, then an art student at the Pennsylvania Academy of Fine Arts, visited Whitman at his home in Camden, New Jersey. In 1915 Ives presented the drawing to Powys when the novelist traveled to Detroit, Ives' home town, to begin a series of lectures. Powys subsequently gave the drawing to his sister Philippa, probably after she had visitied Whitman's home in Camden in 1923/1924. Drawing was reframed in 2012 displaying all inscriptions.
|
| 500 |
|
|
|a "Camden Dec. 21 1881"--Handwritten pencil inscription on drawing.
|
| 500 |
|
|
|a "A souvenir of appreciation to John Cowper Powys from Percy Ives. Detroit, Nov. 3rd. 1915"--Handwritten ink inscription on mount.
|
| 500 |
|
|
|a "Philippa Powys from John Cowper Powys"--Handwritten ink inscription originally on rear of frame.
|
| 500 |
|
|
|a Drawing signed in pencil by Walt Whitman.
|
| 500 |
|
|
|a Drawing of Walt Whitman by Percy Ives, signed by Walt Whitman in 1881 and signed by Percy Ives in 1915 on presenting it to John Cowper Powys as 'a souvenir of appreciation'.
|
| 500 |
|
|
|a Picture.
|
| 600 |
1 |
0 |
|a Whitman, Walt,
|d 1819-1892
|v Portraits.
|
| 700 |
1 |
|
|a Powys, John Cowper,
|d 1872-1963,
|e former owner.
|
| 700 |
1 |
|
|a Powys, Philippa,
|e former owner.
|
| 700 |
1 |
|
|a Whitman, Walt,
|d 1819-1892,
|e autographer.
|
| 994 |
|
|
|a C0
|b TXA
|
| 948 |
|
|
|a cataloged
|b h
|c 2013/9/27
|d o
|e nbehmer
|f 11:49:35 am
|
| 999 |
|
|
|a MARS
|
| 999 |
f |
f |
|s 6998f3b3-76a9-382a-8e75-97e1710c10ae
|i a8672009-f902-3e04-a5be-ed35fbc4cb27
|t 0
|
| 952 |
f |
f |
|p noncirc
|a Texas A&M University
|b College Station
|c Cushing Memorial Library & Archives
|d Cushing: Literature/Whitman (Does not check out)
|t 0
|e PS3235 .I93 1924
|h Library of Congress classification
|i unmediated -- sheet
|
| 998 |
f |
f |
|a PS3235 .I93 1924
|t 0
|l Cushing: Literature/Whitman (Does not check out)
|